Aerospace Materials and Materials Technologies/ (Record no. 612903)
[ view plain ]
| 000 -LEADER | |
|---|---|
| fixed length control field | 00416nam a22001457a 4500 |
| 020 ## - INTERNATIONAL STANDARD BOOK NUMBER | |
| International Standard Book Number | 9789811021336 |
| 040 ## - CATALOGING SOURCE | |
| Transcribing agency | NUST |
| 082 ## - DEWEY DECIMAL CLASSIFICATION NUMBER | |
| Classification number | 604.7 |
| Author Mark | AER |
| 100 ## - MAIN ENTRY--PERSONAL NAME | |
| Personal name | Prasad, N. Eswara |
| 9 (RLIN) | 127890 |
| 245 ## - TITLE STATEMENT | |
| Title | Aerospace Materials and Materials Technologies/ |
| Statement of responsibility, etc. | N. Eswara Prasad |
| 260 ## - PUBLICATION, DISTRIBUTION, ETC. | |
| Place of publication, distribution, etc. | Singapore ; |
| Name of publisher, distributor, etc. | Springer , |
| Date of publication, distribution, etc. | 2017. |
| 300 ## - PHYSICAL DESCRIPTION | |
| Extent | 586p. ; |
| Other physical details | Hardbinding, |
| Dimensions | 24cm. |
| 700 ## - ADDED ENTRY--PERSONAL NAME | |
| Personal name | Wanhill, R.J.H. |
| 9 (RLIN) | 127891 |
| 942 ## - ADDED ENTRY ELEMENTS (KOHA) | |
| Source of classification or shelving scheme | |
| Koha item type | Book |
| Withdrawn status | Lost status | Source of classification or shelving scheme | Damaged status | Not for loan | Permanent Location | Current Location | Shelving location | Date acquired | Total Checkouts | Full call number | Barcode | Date last seen | Price effective from | Koha item type |
|---|---|---|---|---|---|---|---|---|---|---|---|---|---|---|
| School of Mechanical & Manufacturing Engineering (SMME) | School of Mechanical & Manufacturing Engineering (SMME) | General Stacks | 02/18/2025 | 604.7 AER | SMME-4662 | 02/18/2025 | 02/18/2025 | Book |
